The quotable scientist words of wisdom from charles darwin, albert einstein, richard feynman, galileo, marie curie, rene descartes, and more / (Record no. 29005)

000 -LEADER
fixed length control field 00662 a2200169 4500
020 ## - INTERNATIONAL STANDARD BOOK NUMBER
International Standard Book Number 0071360638
020 ## - INTERNATIONAL STANDARD BOOK NUMBER
International Standard Book Number 9780071360630
082 04 - DEWEY DECIMAL CLASSIFICATION NUMBER
Classification number 500
090 ## - LOCALLY ASSIGNED LC-TYPE CALL NUMBER (OCLC); LOCAL CALL NUMBER (RLIN)
-- 372
-- 372
100 ## - MAIN ENTRY--PERSONAL NAME
Personal name Horvitz, Leslie Alan
245 14 - TITLE STATEMENT
Title The quotable scientist words of wisdom from charles darwin, albert einstein, richard feynman, galileo, marie curie, rene descartes, and more /
Statement of responsibility, etc. Leslie Alan Horvitz.
260 ## - PUBLICATION, DISTRIBUTION, ETC.
Place of publication, distribution, etc. [S.l.] :
Name of publisher, distributor, etc. McGraw-Hill Trade,
Date of publication, distribution, etc. 2000.
300 ## - PHYSICAL DESCRIPTION
Extent 169 p. ;
Dimensions 22 cm.
700 1# - ADDED ENTRY--PERSONAL NAME
Personal name Horvitz, Leslie Alan.
942 ## - ADDED ENTRY ELEMENTS (KOHA)
Institution code [OBSOLETE] SNS
Koha item type Book
Call number prefix 500 HOR
Holdings
Withdrawn status Lost status Damaged status Not for loan Permanent Location Current Location Date acquired Total Checkouts Full call number Barcode Date last seen Price effective from Koha item type
        School of Natural Sciences (SNS) School of Natural Sciences (SNS) 05/26/2016   500 HOR SNS0000292 05/26/2016 05/26/2016 Book
© 2023 Central Library, National University of Sciences and Technology. All Rights Reserved.